000 00724nam a2200253 a 4500
999 _c12173
_d12173
001 12173
003 BD-JhCC
005 20220727134023.0
008 210322s2010 bg a|||| |||| 000 0 eng d
020 _a98484801906
035 _a(BD-JhCC)12173
040 _aBD-JhCC
_dBD-JhCC
041 _aeng
082 _a005.133
_bMUR 2010
100 _aMursalin, Tamnun E.
245 _aC for contests /
_cTamnun E. Mursalin and ed by Arif Ui Alam, Abdullah-Al-Mamun
260 _aDhaka :
_bSystech Publiscation,
_c2010.
300 _a566 p. :
_bill. ;
_c24 cm.
650 _aC (Computer program language)
650 _aComputer programming
700 _a Arif Ui Alam,
700 _aAbdullah-Al-Mamun
942 _2ddc
_cBK
_04